000 00660cam a22002293a 4500
001 29802
003 PGUSA
005 20140828083638.0
008 090826s2009||||xxu|||||s|||||000 | eng d
040 _aPGUSA
_beng
042 _adc
050 4 _aZ
100 1 _aLebert, Marie
245 1 0 _aUne courte histoire de l'eBook
_h[electronic resource] /
_cMarie Lebert
260 _bProject Gutenberg,
_c2009
506 _aCopyrighted. Read the copyright notice inside this book for details.
516 _aElectronic text
653 _aElectronic books
830 0 _aProject Gutenberg
_v29802
856 4 0 _uhttp://www.gutenberg.org/ebooks/29802
942 _cEB
999 _c259057
_d259057